[Event "FRA-ch Top 16 2007-2008"]
[Site "France"]
[Date "2008.03.22"]
[Round "1.1"]
[White "Asrian, Karen"]
[Black "Riazantsev, Alexander"]
[Result "1-0"]
[WhiteElo "2621"]
[BlackElo "2628"]
[PlyCount "77"]
[EventDate "2008.03.??"]
[EventType "swiss"]
[EventRounds "11"]
[EventCountry "FRA"]
[SourceDate "2008.03.23"]
[WhiteTeam "Bischwiller"]
[BlackTeam "Metz"]
[WhiteTeamCountry "FRA"]
[BlackTeamCountry "FRA"]

1. e4 e5 2. Nf3 Nc6 3. Bc4 Nf6 4. d3 Be7 5. O-O O-O 6. Re1 d6 7. c3 h6 8. Bb3
Nh7 9. Nbd2 Ng5 10. Nxg5 Bxg5 11. Nf1 Bxc1 12. Rxc1 Be6 13. Ne3 Re8 14. Rf1 Qg5
15. Nd5 Bxd5 16. Bxd5 Nd8 17. g3 c6 18. Bb3 Ne6 19. Kh1 Nc5 20. f4 Qe7 21. Bc2
Rad8 22. b4 Nd7 23. Qf3 Nf6 24. Rce1 a5 25. bxa5 Ra8 26. fxe5 dxe5 27. Qe3 Rxa5
28. Bb3 Rd8 29. g4 Ra3 30. d4 Rf8 31. g5 hxg5 32. Qxg5 Nd5 33. Qg3 Nc7 34. dxe5
Ne6 35. Rf6 Rd8 36. Rg1 Rxb3 37. axb3 Rd2 38. Rh6 Qd7 39. Qh4 1-0

[Event "FRA-ch Top 16 2007-2008"]
[Site "France"]
[Date "2008.03.22"]
[Round "1.2"]
[White "Postny, Evgeny"]
[Black "Schlosser, Philipp"]
[Result "1-0"]
[WhiteElo "2627"]
[BlackElo "2564"]
[PlyCount "57"]
[EventDate "2008.03.??"]
[EventType "swiss"]
[EventRounds "11"]
[EventCountry "FRA"]
[SourceDate "2008.03.23"]
[WhiteTeam "Metz"]
[BlackTeam "Bischwiller"]
[WhiteTeamCountry "FRA"]
[BlackTeamCountry "FRA"]

1. d4 Nf6 2. c4 e6 3. g3 d5 4. Nf3 dxc4 5. Bg2 a6 6. O-O Nc6 7. e3 Bd7 8. Qe2
b5 9. Rd1 Bb4 10. Nc3 Nd5 11. Nxd5 exd5 12. e4 dxe4 13. Ne5 Nxe5 14. dxe5 Qe7
15. Bxe4 Rd8 16. a3 Bc5 17. Qh5 Qe6 18. Bg5 Be7 19. Bxe7 Qxe7 20. Rd2 g6 21.
Qh6 Qxe5 22. Re1 Ke7 23. Rd5 Qf6 24. Qe3 Kf8 25. Red1 Kg7 26. Rxd7 Rxd7 27.
Rxd7 Qxb2 28. Bd5 Rf8 29. Rxc7 1-0

[Event "FRA-ch Top 16 2007-2008"]
[Site "France"]
[Date "2008.03.22"]
[Round "1.3"]
[White "Buhmann, Rainer"]
[Black "Svetushkin, Dmitry"]
[Result "1/2-1/2"]
[WhiteElo "2570"]
[BlackElo "2565"]
[PlyCount "131"]
[EventDate "2008.03.??"]
[EventType "swiss"]
[EventRounds "11"]
[EventCountry "FRA"]
[SourceDate "2008.03.23"]
[WhiteTeam "Bischwiller"]
[BlackTeam "Metz"]
[WhiteTeamCountry "FRA"]
[BlackTeamCountry "FRA"]

1. d4 Nf6 2. Nf3 d5 3. c4 c6 4. Nc3 a6 5. a4 e6 6. Bg5 Nbd7 7. e3 Qa5 8. Nd2
Bb4 9. Qc2 c5 10. Be2 cxd4 11. exd4 dxc4 12. Bf4 Qb6 13. O-O Qxd4 14. Bg3 Bd6
15. Nxc4 Bxg3 16. hxg3 O-O 17. b4 Qa7 18. Rfd1 Nb6 19. Ne4 Nxe4 20. Nxb6 Qxb6
21. Qxe4 e5 22. a5 Qf6 23. Rac1 Rb8 24. Rc5 b6 25. Rxe5 bxa5 26. bxa5 Be6 27.
Bxa6 Rb2 28. Be2 g6 29. Qf4 Qxf4 30. gxf4 Ra2 31. Bf1 Rc8 32. a6 Rcc2 33. Re2
Rxe2 34. Bxe2 Kf8 35. Bb5 Ke7 36. Rc1 Ra5 37. Be2 Kd6 38. Rd1+ Kc7 39. Rd2 Bc8
40. Bc4 Bxa6 41. Bxf7 Rf5 42. Bg8 Rxf4 43. Bxh7 Bb7 44. Bg8 Rf6 45. Bd5 Bc8 46.
Be4 Bd7 47. Rd5 Kd8 48. Rg5 Be8 49. Re5 Bf7 50. f3 Kd7 51. Kf2 Kd6 52. Ra5 Ke7
53. Ra7+ Kf8 54. Ke3 Rb6 55. Kd4 Rb5 56. Bc6 Rb6 57. Be4 Rb5 58. f4 Rb4+ 59.
Ke5 Rb5+ 60. Kf6 Rb6+ 61. Kg5 Rb5+ 62. Kg4 Be6+ 63. Kf3 g5 64. Ke3 gxf4+ 65.
Kxf4 Bd5 66. Bxd5 1/2-1/2

[Event "FRA-ch Top 16 2007-2008"]
[Site "France"]
[Date "2008.03.22"]
[Round "1.4"]
[White "Koch, Jean Rene"]
[Black "Heinz, Timothee"]
[Result "1-0"]
[WhiteElo "2453"]
[BlackElo "2310"]
[PlyCount "63"]
[EventDate "2008.03.??"]
[EventType "swiss"]
[EventRounds "11"]
[EventCountry "FRA"]
[SourceDate "2008.03.23"]
[WhiteTeam "Metz"]
[BlackTeam "Bischwiller"]
[WhiteTeamCountry "FRA"]
[BlackTeamCountry "FRA"]

1. e4 c5 2. Nf3 d6 3. d4 cxd4 4. Nxd4 Nf6 5. Nc3 a6 6. Bg5 e6 7. f4 Qb6 8. Qd2
Qxb2 9. Rb1 Qa3 10. f5 Nc6 11. fxe6 fxe6 12. Nxc6 bxc6 13. Be2 Be7 14. O-O Rf8
15. Kh1 Qa5 16. Be3 Ng8 17. Bf3 Qc7 18. Bb6 Qd7 19. e5 d5 20. Na4 c5 21. Nxc5
Qc6 22. Qa5 Rb8 23. c4 Rf5 24. cxd5 exd5 25. Nd3 Be6 26. Rfc1 Qd7 27. Qxa6 Nh6
28. Bc5 Rxb1 29. Rxb1 Rxf3 30. gxf3 Nf5 31. Bxe7 Nxe7 32. Nc5 1-0

[Event "FRA-ch Top 16 2007-2008"]
[Site "France"]
[Date "2008.03.22"]
[Round "1.5"]
[White "Wagner, Claude"]
[Black "Neiman, Emmanuel"]
[Result "0-1"]
[WhiteElo "2358"]
[BlackElo "2371"]
[PlyCount "96"]
[EventDate "2008.03.??"]
[EventType "swiss"]
[EventRounds "11"]
[EventCountry "FRA"]
[SourceDate "2008.03.23"]
[WhiteTeam "Bischwiller"]
[BlackTeam "Metz"]
[WhiteTeamCountry "FRA"]
[BlackTeamCountry "FRA"]

1. Nf3 d5 2. d4 Nf6 3. c4 c6 4. Qc2 dxc4 5. Qxc4 b5 6. Qc2 Bb7 7. e4 e6 8. Bg5
h6 9. Bxf6 Nd7 10. Nbd2 Qxf6 11. a4 a6 12. Bd3 e5 13. axb5 axb5 14. O-O Bd6 15.
d5 Rc8 16. Ra7 cxd5 17. Qd1 Rc7 18. Bxb5 O-O 19. exd5 Bc5 20. Ne4 Qb6 21. d6
Qxb5 22. dxc7 Bxa7 23. Nd6 Qc6 24. Nxb7 Qxc7 25. Nd6 Bb8 26. Nb5 Qc6 27. Nc3
Nf6 28. Qe2 Re8 29. Rd1 e4 30. Nd4 Qd7 31. Nc2 Qe6 32. Ne3 Qe5 33. g3 Ba7 34.
Ncd5 Nh7 35. h4 Nf8 36. Ng4 Qxg3+ 37. Kf1 Qxh4 38. Kg2 Qg5 39. Nc7 Ng6 40. Kf1
Nf4 41. Qb5 Qxg4 42. Qxe8+ Kh7 43. Qxe4+ f5 44. Qc2 Bxf2 45. Qxf2 Qxd1+ 46. Qe1
Qf3+ 47. Qf2 Qd3+ 48. Ke1 Qc4 0-1

[Event "FRA-ch Top 16 2007-2008"]
[Site "France"]
[Date "2008.03.22"]
[Round "1.6"]
[White "Pucher, Olivier"]
[Black "Netzer, Jean"]
[Result "1-0"]
[WhiteElo "2329"]
[BlackElo "2387"]
[PlyCount "79"]
[EventDate "2008.03.??"]
[EventType "swiss"]
[EventRounds "11"]
[EventCountry "FRA"]
[SourceDate "2008.03.23"]
[WhiteTeam "Metz"]
[BlackTeam "Bischwiller"]
[WhiteTeamCountry "FRA"]
[BlackTeamCountry "FRA"]

1. d4 Nf6 2. c4 g6 3. Nc3 Bg7 4. e4 d6 5. Be2 O-O 6. Nf3 e5 7. O-O Nc6 8. d5
Ne7 9. Ne1 Nd7 10. Be3 f5 11. f3 f4 12. Bf2 g5 13. a4 a5 14. Nb5 b6 15. Nd3 Nf6
16. b4 axb4 17. a5 bxa5 18. c5 Ra6 19. Na7 Rxa7 20. cxd6 cxd6 21. Bxa7 g4 22.
Qa4 g3 23. Qxa5 Qe8 24. Qxb4 Qh5 25. Rfc1 Qxh2+ 26. Kf1 Ng4 27. fxg4 f3 28.
Bxf3 Bxg4 29. Ne1 Bxf3 30. Nxf3 Ng6 31. Bg1 Qh1 32. Rc3 Nf4 33. Qb2 h5 34. Raa3
h4 35. Qc2 h3 36. gxh3 Qxh3+ 37. Ke1 Bh6 38. Kd1 Qf1+ 39. Ne1 Qxg1 40. Rxg3+
1-0

[Event "FRA-ch Top 16 2007-2008"]
[Site "France"]
[Date "2008.03.22"]
[Round "1.7"]
[White "Mensch, Etienne"]
[Black "Taddei, Benoit"]
[Result "1/2-1/2"]
[WhiteElo "2337"]
[BlackElo "2265"]
[PlyCount "187"]
[EventDate "2008.03.??"]
[EventType "swiss"]
[EventRounds "11"]
[EventCountry "FRA"]
[SourceDate "2008.03.23"]
[WhiteTeam "Bischwiller"]
[BlackTeam "Metz"]
[WhiteTeamCountry "FRA"]
[BlackTeamCountry "FRA"]

1. d4 Nf6 2. Bg5 e6 3. e3 c5 4. Nd2 cxd4 5. exd4 d6 6. c3 Be7 7. Ngf3 Nbd7 8.
Bd3 b6 9. O-O Bb7 10. Re1 h6 11. Bh4 O-O 12. a4 a6 13. Nc4 b5 14. axb5 axb5 15.
Rxa8 Qxa8 16. Ne3 Rb8 17. Nd2 Bc6 18. Bg3 Bf8 19. h3 Nb6 20. Qa1 Qb7 21. b3
Nbd5 22. Nxd5 Bxd5 23. Bf1 Ne4 24. Nxe4 Bxe4 25. Qa5 Bd5 26. Qb4 Be7 27. Ra1
Qc6 28. Ra7 Bf8 29. c4 Qb6 30. Qa5 Qxa5 31. Rxa5 bxc4 32. bxc4 Ra8 33. Rb5 Be4
34. f3 Bc6 35. Rb6 Be8 36. Bxd6 Rd8 37. c5 Bxd6 38. cxd6 f6 39. Bc4 Bf7 40. Kf2
e5 41. Bxf7+ Kxf7 42. Rb7+ Kf8 43. dxe5 fxe5 44. Rb6 Kf7 45. Ke3 Rd7 46. Ke4
Ke6 47. h4 g6 48. h5 gxh5 49. Rb5 Rxd6 50. Rxe5+ Kf6 51. Rxh5 Kg6 52. Re5 Ra6
53. g4 Rb6 54. Kf4 Ra6 55. Kg3 Ra3 56. Kf4 Ra6 57. Rd5 Ra4+ 58. Ke3 Ra3+ 59.
Ke4 Ra4+ 60. Rd4 Ra6 61. f4 Re6+ 62. Kf3 Ra6 63. Kg3 Ra1 64. Rd6+ Kg7 65. f5
Rg1+ 66. Kf3 Rf1+ 67. Kg2 Rf4 68. Kg3 Rf1 69. Rg6+ Kh7 70. Re6 h5 71. Kh4 hxg4
72. Kg5 g3 73. Re7+ Kg8 74. Kf6 g2 75. Rg7+ Kf8 76. Rxg2 Ra1 77. Re2 Rb1 78.
Re6 Rf1 79. Ra6 Kg8 80. Ra5 Rf2 81. Ra1 Rf3 82. Ra8+ Kh7 83. Ke6 Kg7 84. Ra7+
Kf8 85. Kf6 Kg8 86. Rg7+ Kf8 87. Rh7 Kg8 88. Rh1 Rf2 89. Rg1+ Kf8 90. Kg6 Kg8
91. Rg3 Rf1 92. Rb3 Rg1+ 93. Kf6 Rf1 94. Rb8+ 1/2-1/2

[Event "FRA-ch Top 16 2007-2008"]
[Site "France"]
[Date "2008.03.22"]
[Round "1.2"]
[White "Sulava, Nenad"]
[Black "Kazhgaleyev, Murtas"]
[Result "0-1"]
[WhiteElo "2494"]
[BlackElo "2594"]
[PlyCount "106"]
[EventDate "2008.03.??"]
[EventType "swiss"]
[EventRounds "11"]
[EventCountry "FRA"]
[SourceDate "2008.03.23"]
[WhiteTeam "Hyeres"]
[BlackTeam "Cannes"]
[WhiteTeamCountry "FRA"]
[BlackTeamCountry "FRA"]

1. d4 Nf6 2. Nf3 g6 3. Nc3 d5 4. Bf4 Bg7 5. e3 Bg4 6. Be2 Bxf3 7. Bxf3 c6 8.
O-O O-O 9. Re1 Nbd7 10. e4 e6 11. Bd6 Qb6 12. Bxf8 Nxf8 13. exd5 cxd5 14. Na4
Qa5 15. Nc5 Ne8 16. c3 Nd6 17. a4 Qc7 18. a5 Rd8 19. g3 h5 20. Qe2 Nf5 21. Bg2
h4 22. Rad1 Rb8 23. a6 b6 24. Nd3 hxg3 25. hxg3 Nd6 26. Ne5 b5 27. Nd3 Nd7 28.
Nf4 Nf6 29. Bh3 Re8 30. Kg2 Qc6 31. Ra1 b4 32. cxb4 Nfe4 33. Qd3 Qb6 34. f3 Nf6
35. Nxe6 fxe6 36. Bxe6+ Kf8 37. Qxg6 Qxb4 38. Re2 Rxe6 39. Rxe6 Qxb2+ 40. Kh3
Qxa1 41. Rxf6+ Bxf6 42. Qxf6+ Nf7 43. Kg4 Qc3 44. Kh5 Qd3 45. Kg4 Qc3 46. Kh5
Qc2 47. f4 Qh2+ 48. Kg4 Qe2+ 49. Kf5 Qe4+ 50. Kg4 Kg8 51. Kh5 Qe2+ 52. g4 Qh2+
53. Kg6 Qh7# 0-1

[Event "FRA-ch Top 16 2007-2008"]
[Site "France"]
[Date "2008.03.22"]
[Round "1.3"]
[White "Palac, Mladen"]
[Black "Ninov, Nikolai"]
[Result "1/2-1/2"]
[WhiteElo "2575"]
[BlackElo "2501"]
[PlyCount "29"]
[EventDate "2008.03.??"]
[EventType "swiss"]
[EventRounds "11"]
[EventCountry "FRA"]
[SourceDate "2008.03.23"]
[WhiteTeam "Cannes"]
[BlackTeam "Hyeres"]
[WhiteTeamCountry "FRA"]
[BlackTeamCountry "FRA"]

1. d4 d5 2. c4 e6 3. Nf3 Nf6 4. Nc3 c6 5. Bg5 dxc4 6. e4 b5 7. e5 h6 8. Bh4 g5
9. Nxg5 hxg5 10. Bxg5 Nbd7 11. exf6 Bb7 12. g3 c5 13. d5 Qb6 14. Bg2 b4 15. Na4
1/2-1/2

[Event "FRA-ch Top 16 2007-2008"]
[Site "France"]
[Date "2008.03.22"]
[Round "1.4"]
[White "Vincent, Stephane"]
[Black "Nataf, Igor Alexandre"]
[Result "1-0"]
[WhiteElo "2235"]
[BlackElo "2552"]
[PlyCount "103"]
[EventDate "2008.03.??"]
[EventType "swiss"]
[EventRounds "11"]
[EventCountry "FRA"]
[SourceDate "2008.03.23"]
[WhiteTeam "Hyeres"]
[BlackTeam "Cannes"]
[WhiteTeamCountry "FRA"]
[BlackTeamCountry "FRA"]

1. d4 Nf6 2. Nf3 g6 3. g3 Bg7 4. Bg2 d6 5. O-O O-O 6. c4 Nbd7 7. Nc3 e5 8. b3
Re8 9. Bb2 c6 10. e3 Qa5 11. a3 Qd8 12. Qc2 Nf8 13. Rac1 Bf5 14. e4 Bg4 15. d5
cxd5 16. cxd5 Qd7 17. Qd3 Rac8 18. Nd2 Bh3 19. Nc4 Bxg2 20. Kxg2 h5 21. h4 Bh6
22. Rc2 N8h7 23. a4 g5 24. Bc1 Kh8 25. Nb5 Rxc4 26. Rxc4 a6 27. Nc3 Rg8 28. Rh1
Rg6 29. Nd1 gxh4 30. Rxh4 Bxc1 31. Rxc1 Ng5 32. Ne3 Nfxe4 33. Rxh5+ Kg7 34.
Rch1 f5 35. g4 f4 36. Qxe4 Nxe4 37. Rh7+ Kg8 38. Rxd7 fxe3 39. f3 Nc5 40. Rd8+
Kg7 41. Re1 Nxb3 42. Rxe3 Nc5 43. a5 Rh6 44. f4 e4 45. g5 Rh4 46. Kg3 Rh1 47.
Kg4 Rd1 48. Rh3 Rxd5 49. Rdh8 Nd3 50. R3h7+ Kg6 51. f5+ Rxf5 52. Rh6+ 1-0

[Event "FRA-ch Top 16 2007-2008"]
[Site "France"]
[Date "2008.03.22"]
[Round "1.5"]
[White "Fontaine, Robert"]
[Black "Langevin, Philippe"]
[Result "1-0"]
[WhiteElo "2572"]
[BlackElo "2156"]
[PlyCount "61"]
[EventDate "2008.03.??"]
[EventType "swiss"]
[EventRounds "11"]
[EventCountry "FRA"]
[SourceDate "2008.03.23"]
[WhiteTeam "Cannes"]
[BlackTeam "Hyeres"]
[WhiteTeamCountry "FRA"]
[BlackTeamCountry "FRA"]

1. g3 Nf6 2. Bg2 Nc6 3. d4 e5 4. d5 Ne7 5. e4 Ng6 6. Be3 Bd6 7. c4 Qe7 8. Nc3
Bc5 9. Nb5 O-O 10. Nxc7 Rb8 11. Bxc5 Qxc5 12. d6 Qxc4 13. Ne2 b5 14. a3 Rb6 15.
Rc1 Qa4 16. O-O Qxd1 17. Rfxd1 Bb7 18. f3 Bc6 19. b4 Rd8 20. Nc3 Kf8 21. a4 a6
22. a5 Rb7 23. Nxa6 Ne8 24. Nc5 Ra7 25. Bh3 Rb8 26. Ne2 Nf6 27. Kf2 Ke8 28. Ke3
Kf8 29. Bf5 Nh8 30. Nd3 Re8 31. Rc5 1-0

[Event "FRA-ch Top 16 2007-2008"]
[Site "France"]
[Date "2008.03.22"]
[Round "1.6"]
[White "Garro, Pierre"]
[Black "Godena, Michele"]
[Result "0-1"]
[WhiteElo "2178"]
[BlackElo "2559"]
[PlyCount "50"]
[EventDate "2008.03.??"]
[EventType "swiss"]
[EventRounds "11"]
[EventCountry "FRA"]
[SourceDate "2008.03.23"]
[WhiteTeam "Hyeres"]
[BlackTeam "Cannes"]
[WhiteTeamCountry "FRA"]
[BlackTeamCountry "FRA"]

1. e4 e5 2. Nf3 Nc6 3. Bb5 Nf6 4. O-O Bc5 5. Nxe5 Nxe5 6. d4 a6 7. Ba4 b5 8.
Bb3 Bxd4 9. Qxd4 d6 10. f4 c5 11. Qc3 Neg4 12. e5 c4 13. exf6 O-O 14. Bxc4 Qb6+
15. Kh1 bxc4 16. fxg7 Re8 17. h3 Nf2+ 18. Kh2 Bb7 19. Qxc4 Rac8 20. Qb3 Qxb3
21. cxb3 Rc2 22. Nc3 Nd3 23. Rg1 Re1 24. Rxe1 Rxg2+ 25. Kh1 Nf2# 0-1

[Event "FRA-ch Top 16 2007-2008"]
[Site "France"]
[Date "2008.03.22"]
[Round "1.7"]
[White "Nepeina Leconte, Maria"]
[Black "Comte, Frederic"]
[Result "1-0"]
[WhiteElo "2345"]
[BlackElo "2190"]
[PlyCount "59"]
[EventDate "2008.03.??"]
[EventType "swiss"]
[EventRounds "11"]
[EventCountry "FRA"]
[SourceDate "2008.03.23"]
[WhiteTeam "Cannes"]
[BlackTeam "Hyeres"]
[WhiteTeamCountry "FRA"]
[BlackTeamCountry "FRA"]

1. e4 c5 2. Nf3 d6 3. d4 cxd4 4. Nxd4 Nf6 5. Nc3 g6 6. Be2 Bg7 7. O-O O-O 8.
Nb3 Nc6 9. Bg5 Bd7 10. Kh1 Rc8 11. f4 a6 12. Bf3 b5 13. a3 Be6 14. Nd5 Ne8 15.
c3 f6 16. Bh4 Bf7 17. f5 Ne5 18. a4 Nc7 19. axb5 axb5 20. Nd4 Nxd5 21. exd5 Ra8
22. Nc6 Qd7 23. Be4 Nc4 24. Qe2 Ne5 25. Qxb5 gxf5 26. Bxf5 Qc7 27. Nxe5 dxe5
28. Qd3 Rad8 29. Bxh7+ Kh8 30. Be4 1-0

[Event "FRA-ch Top 16 2007-2008"]
[Site "France"]
[Date "2008.03.22"]
[Round "1.8"]
[White "Martinovic, Gordana"]
[Black "Wolfangel, Cyril"]
[Result "1/2-1/2"]
[WhiteElo "1600"]
[BlackElo "2040"]
[PlyCount "41"]
[EventDate "2008.03.??"]
[EventType "swiss"]
[EventRounds "11"]
[EventCountry "FRA"]
[SourceDate "2008.03.23"]
[WhiteTeam "Hyeres"]
[BlackTeam "Cannes"]
[WhiteTeamCountry "FRA"]
[BlackTeamCountry "FRA"]

1. d4 Nf6 2. Bf4 e6 3. e3 b6 4. Nd2 Bb7 5. Ngf3 Be7 6. Bd3 d6 7. h3 Nbd7 8. O-O
O-O 9. Re1 c5 10. c3 d5 11. Ne5 Ne4 12. f3 Nxe5 13. Bxe5 Nd6 14. Bxd6 Bxd6 15.
f4 cxd4 16. cxd4 Bb4 17. Rf1 Bxd2 18. Qxd2 f5 19. Qf2 Qe7 20. a3 a5 21. Rac1
1/2-1/2

[Event "FRA-ch Top 16 2007-2008"]
[Site "France"]
[Date "2008.03.23"]
[Round "2.2"]
[White "Sulava, Nenad"]
[Black "Postny, Evgeny"]
[Result "1/2-1/2"]
[WhiteElo "2494"]
[BlackElo "2627"]
[PlyCount "61"]
[EventDate "2008.03.??"]
[EventType "swiss"]
[EventRounds "11"]
[EventCountry "FRA"]
[SourceDate "2008.03.23"]
[WhiteTeam "Hyeres"]
[BlackTeam "Metz"]
[WhiteTeamCountry "FRA"]
[BlackTeamCountry "FRA"]

1. d4 d5 2. c4 dxc4 3. Nf3 Nf6 4. e3 a6 5. Bxc4 e6 6. O-O b5 7. Bb3 Bb7 8. Nc3
c5 9. e4 cxd4 10. Nxd4 Nc6 11. Be3 Bd6 12. Nxc6 Bxc6 13. f4 b4 14. e5 bxc3 15.
exf6 cxb2 16. Rb1 gxf6 17. Rxb2 Ba3 18. Rd2 Qe7 19. Ba4 Bb5 20. Kh1 Bc5 21.
Bxb5+ axb5 22. Bxc5 Qxc5 23. f5 e5 24. Rd6 O-O 25. Rxf6 Rxa2 26. Qg4+ Kh8 27.
Rh6 f6 28. Rxh7+ Kxh7 29. Qg6+ Kh8 30. Qh6+ Kg8 31. Qg6+ 1/2-1/2

[Event "FRA-ch Top 16 2007-2008"]
[Site "France"]
[Date "2008.03.23"]
[Round "2.3"]
[White "Riazantsev, Alexander"]
[Black "Drasko, Milan"]
[Result "1/2-1/2"]
[WhiteElo "2628"]
[BlackElo "2540"]
[PlyCount "68"]
[EventDate "2008.03.??"]
[EventType "swiss"]
[EventRounds "11"]
[EventCountry "FRA"]
[SourceDate "2008.03.23"]
[WhiteTeam "Metz"]
[BlackTeam "Hyeres"]
[WhiteTeamCountry "FRA"]
[BlackTeamCountry "FRA"]

1. d4 e6 2. c4 Nf6 3. Nf3 Bb4+ 4. Bd2 a5 5. Nc3 d6 6. g3 Qe7 7. Bg2 e5 8. O-O
O-O 9. Rc1 Bg4 10. Bg5 Bxc3 11. Rxc3 Nc6 12. d5 Nb4 13. a3 Na6 14. Ne1 h6 15.
Bc1 Qd7 16. f3 Bh3 17. Bxh3 Qxh3 18. g4 Nc5 19. Ng2 a4 20. Qe1 b5 21. Nh4 bxc4
22. f4 Qxg4+ 23. Rg3 Qh5 24. fxe5 Nfe4 25. Nf5 Nxg3 26. Qxg3 g6 27. Nxh6+ Kh7
28. Ng4 Ne4 29. Qg2 f5 30. exf6 Qxd5 31. Rf3 Qd1+ 32. Rf1 Qd5 33. Rf3 Qd1+ 34.
Rf1 Qd5 1/2-1/2

[Event "FRA-ch Top 16 2007-2008"]
[Site "France"]
[Date "2008.03.23"]
[Round "2.4"]
[White "Vincent, Stephane"]
[Black "Koch, Jean Rene"]
[Result "1/2-1/2"]
[WhiteElo "2235"]
[BlackElo "2453"]
[PlyCount "46"]
[EventDate "2008.03.??"]
[EventType "swiss"]
[EventRounds "11"]
[EventCountry "FRA"]
[SourceDate "2008.03.23"]
[WhiteTeam "Hyeres"]
[BlackTeam "Metz"]
[WhiteTeamCountry "FRA"]
[BlackTeamCountry "FRA"]

1. d4 d5 2. Nf3 e6 3. c4 dxc4 4. e3 Nf6 5. Bxc4 c5 6. O-O cxd4 7. Qxd4 Qxd4 8.
Nxd4 a6 9. Nc3 Bd7 10. Rd1 Nc6 11. a3 Rc8 12. Nxc6 Bxc6 13. Bf1 Be7 14. b4 Nd5
15. Nxd5 Bxd5 16. Bb2 f6 17. Rac1 Kf7 18. f3 Rhd8 19. Rxc8 Rxc8 20. Rc1 Rxc1
21. Bxc1 f5 22. Bb2 g5 23. Bd3 h6 1/2-1/2

[Event "FRA-ch Top 16 2007-2008"]
[Site "France"]
[Date "2008.03.23"]
[Round "2.5"]
[White "Neiman, Emmanuel"]
[Black "Comte, Frederic"]
[Result "1/2-1/2"]
[WhiteElo "2371"]
[BlackElo "2190"]
[PlyCount "87"]
[EventDate "2008.03.??"]
[EventType "swiss"]
[EventRounds "11"]
[EventCountry "FRA"]
[SourceDate "2008.03.23"]
[WhiteTeam "Metz"]
[BlackTeam "Hyeres"]
[WhiteTeamCountry "FRA"]
[BlackTeamCountry "FRA"]

1. d4 Nf6 2. c4 c5 3. d5 b5 4. Nf3 bxc4 5. Nc3 d6 6. e4 Nbd7 7. Bxc4 g6 8. O-O
Bg7 9. a4 a5 10. Bg5 h6 11. Bf4 O-O 12. h3 Ba6 13. Bxa6 Rxa6 14. Qe2 Qa8 15.
Nb5 Qb7 16. Rab1 Rc8 17. b3 Kh7 18. Nd2 Ne8 19. Nc4 Nc7 20. Nxc7 Rxc7 21. Bd2
Qa8 22. f4 e6 23. dxe6 fxe6 24. f5 exf5 25. exf5 d5 26. Bf4 Rcc6 27. Ne3 g5 28.
Nxd5 gxf4 29. Nxf4 Ne5 30. Ne6 Rxe6 31. fxe6 Rxe6 32. Rf4 Ng6 33. Qxe6 Qxg2+
34. Kxg2 Nxf4+ 35. Kf3 Nxe6 36. Ke4 Ng5+ 37. Kd5 Nxh3 38. Kxc5 Bc3 39. Kd5 Kg6
40. Rc1 Bb4 41. Rc4 Bd2 42. Rd4 Be1 43. Re4 Bd2 44. Rd4 1/2-1/2

[Event "FRA-ch Top 16 2007-2008"]
[Site "France"]
[Date "2008.03.23"]
[Round "2.6"]
[White "Garro, Pierre"]
[Black "Taddei, Benoit"]
[Result "0-1"]
[WhiteElo "2178"]
[BlackElo "2265"]
[PlyCount "58"]
[EventDate "2008.03.??"]
[EventType "swiss"]
[EventRounds "11"]
[EventCountry "FRA"]
[SourceDate "2008.03.23"]
[WhiteTeam "Hyeres"]
[BlackTeam "Metz"]
[WhiteTeamCountry "FRA"]
[BlackTeamCountry "FRA"]

1. e4 e5 2. Nf3 d6 3. d4 exd4 4. Nxd4 Nf6 5. Nc3 Be7 6. Be2 O-O 7. Be3 Re8 8.
Nb3 c6 9. Bf3 Bf8 10. O-O Nbd7 11. g3 Ne5 12. Bg2 b5 13. a3 a5 14. h3 Bb7 15.
Nd2 b4 16. Na4 c5 17. f3 Ned7 18. Bf2 d5 19. exd5 Bxd5 20. c4 Bc6 21. b3 Qc7
22. Nb2 Rad8 23. axb4 axb4 24. Re1 Ne5 25. Re3 Qd7 26. Be1 Qd4 27. Qe2 Qxb2 28.
Ra6 Qd4 29. Kh2 Neg4+ 0-1

[Event "FRA-ch Top 16 2007-2008"]
[Site "France"]
[Date "2008.03.23"]
[Round "2.7"]
[White "Pucher, Olivier"]
[Black "Langevin, Philippe"]
[Result "1-0"]
[WhiteElo "2329"]
[BlackElo "2156"]
[PlyCount "101"]
[EventDate "2008.03.??"]
[EventType "swiss"]
[EventRounds "11"]
[EventCountry "FRA"]
[SourceDate "2008.03.23"]
[WhiteTeam "Metz"]
[BlackTeam "Hyeres"]
[WhiteTeamCountry "FRA"]
[BlackTeamCountry "FRA"]

1. c4 Nf6 2. Nf3 g6 3. d4 Bg7 4. g3 d6 5. Bg2 O-O 6. O-O Nc6 7. Nc3 Bg4 8. d5
Bxf3 9. exf3 Nb8 10. Qb3 Nbd7 11. Qxb7 Nc5 12. Qb4 Nfd7 13. Ne4 Rb8 14. Qd2
Nxe4 15. fxe4 Nb6 16. Qc2 Qc8 17. Rb1 a5 18. Bg5 Re8 19. Rfc1 c5 20. dxc6 Qxc6
21. b3 Qc5 22. Qd2 Qb4 23. Qxb4 axb4 24. c5 dxc5 25. Rxc5 Bd4 26. Rb5 Bc3 27.
Rc1 Kg7 28. a4 Nd7 29. Rxb8 Nxb8 30. Bf1 f6 31. Bb5 Rc8 32. Bd2 f5 33. e5 Rc5
34. Kf1 h6 35. Bxc3 bxc3 36. b4 Rxe5 37. Rxc3 Rd5 38. Rc7 Kf6 39. Rb7 Rd8 40.
a5 e5 41. a6 Nxa6 42. Bxa6 f4 43. Ke2 h5 44. Rb6+ Kg5 45. Bd3 fxg3 46. Rxg6+
Kh4 47. hxg3+ Kh3 48. Bf5+ Kg2 49. Be4+ Kg1 50. b5 Rd4 51. f3 1-0

[Event "FRA-ch Top 16 2007-2008"]
[Site "France"]
[Date "2008.03.23"]
[Round "2.8"]
[White "Martinovic, Gordana"]
[Black "Leclair, Marie"]
[Result "0-1"]
[WhiteElo "1600"]
[BlackElo "1974"]
[PlyCount "62"]
[EventDate "2008.03.??"]
[EventType "swiss"]
[EventRounds "11"]
[EventCountry "FRA"]
[SourceDate "2008.03.23"]
[WhiteTeam "Hyeres"]
[BlackTeam "Metz"]
[WhiteTeamCountry "FRA"]
[BlackTeamCountry "FRA"]

1. d4 d5 2. Bf4 Nf6 3. Nf3 c5 4. c3 Qb6 5. Qb3 c4 6. Qc2 Nc6 7. Nbd2 e6 8. e4
Be7 9. Rb1 Qd8 10. Be2 a5 11. a4 Nd7 12. b3 cxb3 13. Qxb3 Nf6 14. Qc2 dxe4 15.
Nxe4 Nd5 16. Bd2 Qc7 17. Qc1 Bd7 18. Bg5 h6 19. Bh4 Bxh4 20. Nxh4 O-O 21. O-O
Nce7 22. Qa3 Bc6 23. Nf3 Nf4 24. Ng3 Nxe2+ 25. Nxe2 Bxf3 26. gxf3 Ng6 27. Qc1
Rab8 28. Qe3 Qc6 29. Rb5 Nh4 30. d5 exd5 31. Nd4 Qg6+ 0-1

[Event "FRA-ch Top 16 2007-2008"]
[Site "France"]
[Date "2008.03.23"]
[Round "2.1"]
[White "Buhmann, Rainer"]
[Black "Tkachiev, Vladislav"]
[Result "1/2-1/2"]
[WhiteElo "2570"]
[BlackElo "2657"]
[PlyCount "31"]
[EventDate "2008.03.??"]
[EventType "swiss"]
[EventRounds "11"]
[EventCountry "FRA"]
[SourceDate "2008.03.23"]
[WhiteTeam "Bischwiller"]
[BlackTeam "Cannes"]
[WhiteTeamCountry "FRA"]
[BlackTeamCountry "FRA"]

1. Nf3 d5 2. d4 Nf6 3. c4 c6 4. Nc3 e6 5. Bg5 h6 6. Bh4 Be7 7. e3 O-O 8. Qc2
Nbd7 9. cxd5 Nxd5 10. Bxe7 Qxe7 11. Be2 Nxc3 12. Qxc3 c5 13. dxc5 Nxc5 14. O-O
b6 15. Rac1 a5 16. Ne5 1/2-1/2